Central Library OPAC University of Rajshahi

ইসলাম একটি পূর্ণাঙ্গ জীবন ব্যবস্থা / (Record no. 44057)

MARC details
000 -LEADER
fixed length control field 00808nam a22002177a 4500
001 - CONTROL NUMBER
control field 44057
003 - CONTROL NUMBER IDENTIFIER
rucl marc code BD-RjUL
005 - DATE AND TIME OF LATEST TRANSACTION
control field 20211209053807.0
008 - FIXED-LENGTH DATA ELEMENTS--GENERAL INFORMATION
fixed length control field 160713b1980 bg ||||| |||| 00| 0 ben d
035 ## - SYSTEM CONTROL NUMBER
System control number (BD-RjUL)44175
040 ## - CATALOGING SOURCE
Original cataloging agency BD-RjUL
Language of cataloging ben
Transcribing agency BD-RjUL
041 ## - LANGUAGE CODE
Language code of text/sound track or separate title ben
082 ## - DEWEY DECIMAL CLASSIFICATION NUMBER
Edition number 23
Classification number 297
Author mark and year ALI 1980
100 ## - MAIN ENTRY--PERSONAL NAME
Personal name আল খতীব, ফুয়াদ
9 (RLIN) 135306
245 10 - TITLE STATEMENT
Title ইসলাম একটি পূর্ণাঙ্গ জীবন ব্যবস্থা /
Statement of responsibility, etc. ফুয়াদ আল খতীব
260 ## - PUBLICATION, DISTRIBUTION, ETC. (IMPRINT)
Place of publication, distribution, etc. ঢাকা :
Name of publisher, distributor, etc. বাংলাদেশ-সৌদী আরব মৈত্রী সমিতি,
Date of publication, distribution, etc. ১৯৮০
300 ## - PHYSICAL DESCRIPTION
Pagination ৩২ পৃ. ;
Size ২১ সেমি.
650 ## - SUBJECT ADDED ENTRY--TOPICAL TERM
Topical term or geographic name as entry element ইসলাম
9 (RLIN) 135307
Topical term or geographic name as entry element Islam
9 (RLIN) 135308
942 ## - ADDED ENTRY ELEMENTS (KOHA)
Source of classification or shelving scheme Dewey Decimal Classification
Koha item type Books
Holdings
Lost status Source of classification or shelving scheme Damaged status Not for loan Collection code Permanent Location Current Location Shelving location Date acquired Source of acquisition Total Checkouts Full call number Date last seen Copy number Koha item type
  Dewey Decimal Classification     Non-fiction Central Library, University of Rajshahi Central Library, University of Rajshahi   27/08/1981 Muhammad Mujibur Rahman RU.   B 297 ALI 1980 13/07/2016 C-2 Books